000 00871cam a2200277 a 4500
001 24720
003 BD-RjUL
005 20211209001105.0
008 140315r19661959enkabj b 001 0 eng d
020 _a0198217129
035 _a(BD-RjUL)24789
040 _aALT
_cALT
_beng
_dBD-RJUL
041 _aeng
082 0 4 _a942.038
_bMCF 1966
100 1 _aMcKisack, May.
_976092
245 1 4 _aThe fourteenth century, 1307-1399 /
_cby May McKisack.
260 _aOxford :
_bClarendon Press,
_c1959 [Reprinted 1966].
300 _axix, 598 p, [1] folded leaf :
_bgeneal tables., maps ;
_c23 cm.
490 1 _aOxford history of England ;
_v5
500 _aISBN from 1976 reprint.
504 _aBibliography: p. [533]-566.
651 0 _aGreat Britain
_xHistory
_y14th century.
_976093
830 0 _v5
_976107
830 0 _aOxford history of England ;
_976108
942 _2ddc
_cBK
999 _c24720
_d24720